00444nam a2200193Ia 4500003000900000008004100009040001300050040001300063041000800076100002000084245005200104250001100156260002100167260000900188300001000197300001000207490002600217490000700243IT-RoPAU120407s9999 xx 000 0 und d aIT-RoPAU cIT-RoPAU aita aTomas Larranaga aPreghiamo con la Parola nel Tempo di Quaresima. aMilano aEdizioni Paoline c1993 a51 p. c18 cm aComunità€ in ascolto v11